000 01082nam a22003377a 4500
001 0050164
003 KOHA_MİRAKIL
005 20260207003717.0
007 ta
008 150629b2014 tu |||gr||||#||||0|tur |
020 _a9786051510514
040 _aTR-BiSEU
_btur
_cTR-BiSEU
_erda
041 0 _atur
044 _ctu
050 _aBF637.I44
_bK59 2014
100 1 _aKızıldağ, Şaban.
245 1 _aİletişimde mazeret yok :
_biletişimin temel haritası/
_cŞaban Kızıldağ ; Şaban Kızıldağ; Yayın Editörü Esranur Bozdemir.
264 1 _aİstanbul :
_bHayat
_c2014
300 _a176 sayfa; 25 cm.
336 _ametin
_btxt
_2rdacontent
337 _aaracısız
_bn
_2rdamedia
338 _acilt
_bnc
_2rdacarrier
490 1 _aHayat Yayınları ;
_v487.
490 1 _aYöntim Dizisi ;
_v80.
650 0 _aKişilerarası iletişim
_912354
650 0 _aKişilerarası ilişkiler
_96027
650 0 _aİletişim--Psikolojik açıdan
_992500
830 1 _aHayat Yayınları ;
_v487.
_98616
830 1 _aYöntim Dizisi ;
_v80.
_992501
942 _2lcc
_cBK
999 _c49999
_d49999